000 01099nmc a2200349 a 4500
003 AR-BaBNM
005 20251128210719.0
008 191020s1999 ||||||||||||||000 | spa||
020 _a950-701-561-2
040 _cAR-BaBNM
100 1 _aJohnson, David W.
245 1 0 _aAprender juntos y solos
250 _a1ª ed.
260 _aBuenos Aires
_bAique
_c1999
300 0 _a328 p.
_btablas, gráfs.
490 0 _aCarrera docente
500 0 _aEjemplar no. 125247: Tirada especial para la Red Federal de Formación Docente Continua. Ministerio de Cultura y Educación de la Nación
500 0 _aContiene referencias bibliográficas e índice temático alfabético
650 4 _aINTERACCION SOCIAL
650 4 _aCONOCIMIENTO
650 4 _aORGANIZACION DEL CURSO
650 4 _aMETODOS DE ENSENANZA
650 4 _aENSENANZA EN GRUPO
650 4 _aROL DEL DOCENTE
650 4 _aACTIVIDADES DE APRENDIZAJE
650 4 _aEVALUACION
653 _aAPRENDIZAJE COOPERATIVO
700 1 _aJohnson, Roger T.
800 1 _aPironio, Susana
_edirector
942 _cBK
998 _cRAQUEL
999 _c16565
_d16565